000 01045nam a22003257a 4500
001 BR7302978
003 BR-BrBNA
005 20230928083941.0
007 ta
008 230509b bl.||||| |||| 00| 0 por d
040 _aBR-BrBNA
_bpor
_cBiblioteca Nacional de Agricultura
041 _a(Por)
072 _aL50
_b5213
_b/G514
090 _ 5213 BR7302978
100 1 _aRocha, M.C. da
110 1 _aUniversidade Federal de Minas Gerais, Belo Horizonte (Brasil). Escola de Veterinaria
_0Tese (Mestre em Medicina Veterinaria)
245 1 _aProteina total e seu fracionamento eletroforetico em plasma seminal de touros zebus normais e com alteracoes reprodutivas [Brasil]
260 3 _aBelo Horizonte, MG (Brasil):
_c1972.
300 _a58 p.
500 _a12 tables; 25 ref.; Summary (Por)
650 _aAparelho reprodutor
650 _aSemen
650 _aProteina
650 _aGado zebu
650 _aTouro
650 _aReproducao animal
650 _aEletroforese
909 _a202309
_bLucia
_c55
_dLucia Elande
942 _cBK
999 _c15974
_d15974